Statistics for Celtic FC 2020's Starting XI

Click here to take the quiz!

General Stats

  • This quiz has been taken 245 times
  • The average score is 14 of 28

Answer Stats

Player% Correct
Joe Hart
94%
Jota
85%
Cameron Carter-Vickers
75%
Daizen Maeda
73%
Callum McGregor
72%
Odsonne Édouard
66%
Kyogo Furuhashi
63%
Reo Hatate
59%
Liel Abada
58%
Kristoffer Ajer
54%
Matt O'Riley
53%
Carl Starfelt
51%
Fraser Forster
50%
Greg Taylor
50%
Josip Juranović
49%
Christopher Jullien
46%
Anthony Ralston
45%
Jeremie Frimpong
45%
Scott Bain
45%
Tom Rogić
45%
James Forrest
44%
Scott Brown
44%
David Turnbull
37%
Mohamed Elyounoussi
31%
Ryan Christie
31%
Boli Bolingoli-Mbombo
27%
Olivier Ntcham
26%
Stephen Welsh
26%

Score Distribution

Percentile by Number Answered

Percent of People with Each Score

Your Score History

You have not taken this quiz